European Football Stadiums With a Capacity Of At Least 50.000 - Statistics

General Stats
  • This quiz has been taken 88 times
  • The average score is 19 of 50
Answer Stats
Stadium Capacity Country % Correct
Camp Nou 99.354 Spain
96%
Allianz Arena 75.000 Germany
94%
Santiago Bernabéu 81.044 Spain
91%
Stadio Guiseppe Meazza 81.277 Italy
86%
Old Trafford 75.635 England
84%
Emirates Stadium 60.338 England
68%
Westfalenstadion 81.359 Germany
68%
Anfield 54.074 England
66%
Stadio Olimpico 72.698 Italy
61%
Olympiastadion 74.649 Germany
58%
London Stadium 60.000 England
54%
Amsterdam ArenA 53.502 The Netherlands
52%
Etihad Stadium 55.000 England
51%
Stade Vélodrome 67.371 France
47%
Atatürk Stadium 76.092 Turkey
46%
Celtic Park 60.355 Scotland
46%
Izmir Ataturk Stadium 51.295 Turkey
46%
Olimpiyskiy National Sports Complex 70.050 Ukraine
44%
Olympic Stadion of Athens 69.618 Greece
41%
Veltins-Arena 62.271 Germany
39%
Estadi de Mestalla 55.000 Spain
38%
Estádio do Dragão 52.000 Portugal
38%
Estádio La Luz 64.642 Portugal
38%
Vicente Calderón Stadium 54.851 Spain
35%
Hampden Park 52.103 Scotland
33%
De Kuip 51.577 The Netherlands
30%
Mercedes-Benz Arena 60.469 Germany
30%
Donbass Arena 52.187 Ukraine
28%
Stadio San Paolo 60.240 Italy
28%
Borussia-Park 54.067 Germany
25%
Friends Arena 54.329 Sweden
25%
RheinEnergieStadion 50.374 Germany
24%
San Mamés 53.332 Spain
24%
Volksparkstadion 57.274 Germany
24%
St. James' Park 52.387 England
23%
Commerzbank-Arena 51.500 Germany
22%
Ernst Happel Stadium 53.008 Austria
20%
Parc Olympique Lyonnais 59.186 France
20%
Ibrox Stadium 50.947 Scotland
16%
Rajko Mitić Stadium 55.538 Serbia
16%
Estadio Benito Villamarín 52.500 Spain
15%
Turk Telekom Arena 52.652 Turkey
13%
Boris Paichadze Dinamo Arena 54.549 Georgia
11%
Stadio San Nicola 59.248 Italy
11%
Estádio José Alvalade 50.466 Portugal
10%
Esprit Arena 54.600 Germany
9%
Hrazdan Stadium 54.208 Armenia
8%
Stade Pierre-Mauroy 50.093 France
8%
Grundig-Stadion 50.000 Germany
5%
Sükrü Saracoglu Stadium 50.509 Turkey
5%
No matching quizzes found
Score Distribution
Percent of People with Each Score
Percentile by Number Answered
Your Score History
You have not taken this quiz